Capitales des états de l'Australie - Statistiques

Statistiques générales
  • Ce quiz a été pris 97 fois
  • Le résultat moyen est 5 sur 6
Statistiques - réponses
État Capitales % Correct
Victoria Melbourne
96%
Nouvelle-Galles du Sud Sydney
94%
Australie-Occidentale Perth
91%
Australie-Méridionale Adelaide
67%
Queensland Brisbane
65%
Tasmanie Hobart
44%
Aucun quiz correspondant
Distribution des résultats
% des personnes avec chaque résultat
Percentile par nombre de réponses
Votre historique - résultats
Vous n’avez pas pris ce quiz